000 00718nam a2200217Ia 4500
001 15180
003 GE_BSU
008 181216s||||||||xx |||||||||||||| ||und||
040 _cGE_BSU
080 _a821.353.1-32
100 _aშამანაძე, ნოდარ
245 _aგული, რომელიც მზეს ჰგავს
245 _bმოთხრობები
245 _cრედ:მანანა ზუბადალაშვილი; მხატვ: ე.ქიშმარია
260 _aთბილისი.
260 _bნაკადული
260 _c1985
300 _a211გვ;21სმ.
653 _aმოთხრობები
942 _cBK
999 _c48293
_d48293